000
00381nam a2200133Ia 4500
008
151001s9999||||xx |||||||||||||| ||und||
100
_a
हरी नारायण आपटे
245
_a
गड आला पण सिंह गेला
250
_a
3
260
_b
आर्यभूषण मुद्रणालय
260
_c
1964
300
_a
159
365
_b
21
999
_c
956670
_d
956667